Vzťah produktivity, miezd a cenovej hladiny na Slovensku a v EÚ diplomová práca

Salvato in:
Dettagli Bibliografici
Autore principale: Slezák, Martin
Ente Autore: Národohospodárska fakulta EU. Katedra hospodárskej politiky
Altri autori: Fifeková, Elena
Natura: Libro
Lingua:slovacco
Pubblicazione: Bratislava 2022
Tags: Aggiungi Tag
Nessun Tag, puoi essere il primo ad aggiungerne!!

MARC

LEADER 00000nbm a2200000 4500
001 0283990
005 20230307083712.4
041 0 |a slo 
044 |a SK 
245 1 0 |a Vzťah produktivity, miezd a cenovej hladiny na Slovensku a v EÚ  |b diplomová práca  |c Martin Slezák ; školiteľ: Elena Fifeková 
264 1 |a Bratislava  |c 2022 
300 |a 53 s. 
100 1 |a Slezák, Martin 
700 1 |a Fifeková, Elena 
710 2 |a Národohospodárska fakulta EU. Katedra hospodárskej politiky